000 00619nam a2200241Ia 4500
003 OSt
005 20221006145332.0
006 a|||||r|||| 00| 0
007 ta
008 221006b |||||||| |||| 00| 0 eng d
020 _c
_3.95
024 _a14,502
037 _cTextual
040 _aEASL
_cEASL
_beng
041 _2eng
_aeng
082 _aO41,1E83w, 111K6
100 _aHU Pin-ching
_9654162
245 0 _aLi Ching-chao
260 _aNew York
_bTwayne Publishers
_c1966
300 _a128p.
_ccm.
942 _hO41,1E83w, 111K6
_cTEXL
_2CC
999 _c1082588
_d1082588